00314nam a2200133 a 4500008004100000020001500041050001600056100001800072245002100090246002400111250001100135260002500146350000900171120416s1997 ||||||||||||||||| || u a0273626949 aHG 4011 Mac aMcLaney, E. J10aBusiness finance atheory and practice a4th ed aLondonbPitmanc1997 a0.00